000 00408nam a2200169 a 4500
001 1989
005 20140414131912.0
008 040111s19uu xx 00 eng d
020 _a0-7214-1035-9
050 _aER
_bD89 1990
245 _aDumbo.
260 _aU.S.A :
_bLadybird,
_c1990.
300 _a43 p. : ill. ; cm.
650 _aElephants
_xFiction.
650 _aChildren stories.
999 _c111247
_d111247